| 000 | 00723nam a22002177a 4500 | ||
|---|---|---|---|
| 005 | 20240809172928.0 | ||
| 010 | _aB-159869 | ||
| 020 |
_c950.00 _a8188583758 |
||
| 035 | _aB-159869 B-159881 | ||
| 037 | _bCen Lib/Ret | ||
| 082 |
_a954.35 _bBEA |
||
| 245 |
_aThe beautiful India : Andhra Pradesh _cedited by S.A.Rahman |
||
| 260 |
_aNew Delhi _bReference Press _c2005 |
||
| 270 |
_bNew Delhi _a4831/24, Ansari Road, Darya Ganj _e110002 |
||
| 300 |
_axii,446p. _c22cm(Hb) |
||
| 500 | _aIncludes bibliographical references | ||
| 650 |
_aAndhra Pradesh (India) _969857 |
||
| 650 |
_aLanguage and literature of Andhra Pradesh _969858 |
||
| 700 |
_aS.A.Rahman _928212 |
||
| 942 |
_2ddc _cEN _h954.35 _mBEA |
||
| 999 |
_c130377 _d130377 |
||